| 000 | 00671nam a2200217Ia 4500 | ||
|---|---|---|---|
| 003 | OSt | ||
| 005 | 20240921104826.0 | ||
| 008 | 210210b2000 xxu||||| |||| 00| 0 eng d | ||
| 020 | _a81 7315 170 9 | ||
| 040 | _cAL | ||
| 041 | _aHindi | ||
| 082 | _aH491.3 VARB | ||
| 100 |
_aVARMA (Shyam Bahadur), Samp. _dश्याम बहादुर वर्मा _9179880 |
||
| 245 |
_aBrahath vishv sukthi kosh. Vol 3. _bबृहत विश्वा सुक्ति कोश |
||
| 260 |
_aNew Delhi. _bPrabhath Prakashan., _c2000 |
||
| 300 | _a909-1334,248 | ||
| 440 |
_a3 _9179881 |
||
| 690 |
_aHindi Dictionary _9179882 |
||
| 906 | _a055150 | ||
| 942 |
_2ddc _cBK |
||
| 999 |
_c103203 _d103203 |
||